Trabajo infantil doméstico en hogares de terceros en Honduras /

Chi tiết về thư mục
Tác giả của công ty: Oficina Internacional del Trabajo
Định dạng: Sách
Ngôn ngữ:Tiếng Tây Ban Nha
Được phát hành: San josé, Costa Rica : OIT, 2003?
Những chủ đề:

MARC

LEADER 00000nam a2200000Ia 4500
008 180927b2003 cr ||||| |||| 00| 0 spa d
999 |c 2529  |d 2529 
090 |a DOC #67 
110 |a Oficina Internacional del Trabajo  |9 1240 
245 1 0 |a Trabajo infantil doméstico en hogares de terceros en Honduras /  |c OIT 
260 |a San josé, Costa Rica :   |b OIT,   |c 2003?  
300 |a 1 desplegable 
650 0 |a DERECHOS DEL NIÑO  |9 570 
942 |i 001118   |h DOC #67   |2 z  |c 05